000 01118nam a2200325 c 4500
001 58719
003 CO-BoRNBP
005 20250827192247.0
007 ta
008 231210s2023 ck a|||ar|||| 00||p spa d
020 _a9789583068065
040 _aCO-BoRNBP
_bspa
_erda
_cCO-BoRNBP
041 0 _aspa
084 _aP
100 _aOjeda, Jairo,
_d1948-
_eaut
245 1 0 _aSon de luna /
_cJairo Ojeda ; ilustraciones María Fernanda Mantilla.
250 _aEdición especial
264 1 _aBogotá, Colombia :
_bPanamericana Editorial,
_c2023
300 _a43 páginas :
_bilustraciones a color
336 _atexto
_btxt
_2rdacontent
337 _asin mediación
_bn
_2rdamedia
338 _avolumen
_bnc
_2rdacarrier
521 _aRecomendado para un público infantil a partir de los 6 años
650 0 7 _aCanciones de cuna
_2lemb
_91027
650 0 7 _aHora De Dormir
_xLiteratura infantil
_2lemb
_963855
650 0 4 _aPoesía infantil colombiana
_ySiglo XXI
_2LEMB
_91772
650 0 4 _aLiteratura infantil colombiana
_ySiglo XXI
_2LEMB
_9966
700 _aMantilla, María Fernanda
_eill
_937280
942 _2loc
_cBKLITI
999 _c58719
_d58719